Statistieken voor Meest westelijke landen van Europa

Klik hier om de quiz te nemen!

Algemene statistieken

  • Deze quiz is 582 keer genomen
  • De gemiddelde score is 10 van 10

Antwoordstatistieken

LengteliggingLand% Correct
9°50' WPortugal
99%
3°21' ONederland
99%
9°18' WSpanje
98%
2°35' OBelgië
98%
24°32' WIJsland
97%
8°10' WVerenigd Koninkrijk
97%
5°08' WFrankrijk
97%
10°28' WIerland
95%
9°04' WNoorwegen
91%
1°24' OAndorra
86%

Scoreverdeling

Percentiel versus Aantal Correcte Antwoorden

Procent van Mensen met Elke Score

Uw Scoregeschiedenis

U heeft deze quiz nog niet genomen